00457nam a2200145Ia 4500008004100000245007800041260001700119260000900136300000900145650002300154650001200177856003000189999001900219952007300238170516s9999 xx 000 0 und d aImaging Nanotherapeutics in Inflamed Vasculature by Intravital Microscopy bTheranostics c2016 a6:13 xMedical Technology xMedtech uhttp://www.thno.org/v6i13 c330340d330340 001040aCLbCLd2017-05-16l0r2017-05-16 00:00:00w2017-05-16yFOJ